000
00226 a2200097 4500
001
59971
100
_a
245
_a
Main Nay Dhaka Doobtey Dekha
260
_a
Lahore
_b
Al-faisal Nashran
_c
2009
090
_c
36809
_d
36809
942
_a
NUST-CAE
_c
MONOGRAPH
_c
29790
999
_c
295044
_d
295044